000 00433 a2200133 4500
245 _aFaith based diplomacy
_b : the challenge to development
_hprint
020 _a1420825585 (sc : alk
700 _aChikago, James John
650 _aDevelopment
005 20191017171932.0
260 _ainu
_bAuthorHouse
_c2005
084 _aBL65.I55 C49 2005
300 _axxvi, 158 p. : ill., 1 map
_b 24 cm.
_cxxvi, 158 p. : ill., 1 map ; 24 cm.
500 _aby John Chikago.
999 _c8214
_d8214